The deipnosophists. tomo 3 /

Guardado en:
Autor Principal: Ateneo
Formato: Libro
Publicado: London : W. Heinemann ; Cambridge [massachusetts] : Harvard University Press, 1957
Materias:
Etiquetas: Agregar Etiqueta
Sin Etiquetas, Sea el primero en etiquetar este registro!
LEADER 00584nam a22001575a 4500
001 EHU.bham011721
003 AR-BHAM
005 20071205151623.0
008 130507s1957##################000#0#####d
082 8 8 |a 889.8 
100 1 |a Ateneo 
245 1 0 |a The deipnosophists. tomo 3 /  |c Ateneo 
260 |a London :  |b W. Heinemann ; Cambridge [massachusetts] :  |b Harvard University Press,  |c 1957 
500 |a With an english translation by Charles Burton Gulick Texto en inglés y griego 
653 |a Miscelanea griega moderna 
859 |a AR-BHAM  |b BIB. HUMANIDADES - General  |h 889.8  |i AT27  |p 1608.58  |t Ej.1  |v III  |3 III